Associez 40 Français top 150 mondial au bon domaine (Juin 2024) - Statistiques

Statistiques générales
  • Ce quiz a été pris 91 fois
  • Le résultat moyen est 17 sur 40
Statistiques - réponses
Hint Réponse % Correct
Alexis Lebrun TENNIS DE TABLE top 150 mondial (ITTF 11.06.2024)
90%
Richard Gasquet TENNIS top 150 mondial (ATP 17.06.2024)
82%
Gael Monfils TENNIS top 150 mondial (ATP 17.06.2024)
82%
Ugo Humbert TENNIS top 150 mondial (ATP 17.06.2024)
74%
Felix Lebrun TENNIS DE TABLE top 150 mondial (ITTF 11.06.2024)
73%
Hugo Gaston TENNIS top 150 mondial (ATP 17.06.2024)
73%
Pierre-Hugues Herbert TENNIS top 150 mondial (ATP 17.06.2024)
72%
Arthur Fils TENNIS top 150 mondial (ATP 17.06.2024)
71%
Adrian Mannarino TENNIS top 150 mondial (ATP 17.06.2024)
68%
Corentin Moutet TENNIS top 150 mondial (ATP 17.06.2024)
65%
Arthur Cazaux TENNIS top 150 mondial (ATP 17.06.2024)
62%
Giovanni Mpetshi Perricard TENNIS top 150 mondial (ATP 17.06.2024)
61%
Arthur Rinderknech TENNIS top 150 mondial (ATP 17.06.2024)
59%
Luca van Assche TENNIS top 150 mondial (ATP 17.06.2024)
57%
Alexandre Muller TENNIS top 150 mondial (ATP 17.06.2024)
50%
Simon Gauzy TENNIS DE TABLE top 150 mondial (ITTF 11.06.2024)
46%
Grégoire Barrère TENNIS top 150 mondial (ATP 17.06.2024)
46%
Maxime Vachier-Lagrave ECHECS top 150 mondial (FIDE Juin 2024)
45%
Constant Lestienne TENNIS top 150 mondial (ATP 17.06.2024)
45%
Terence Atmane TENNIS top 150 mondial (ATP 17.06.2024)
39%
Matthieu Pavon GOLF top 150 mondial (WGR 17.06.2024)
38%
Harold Mayot TENNIS top 150 mondial (ATP 17.06.2024)
35%
Alexandre Reard POKER top 150 mondial (GPI 12.06.24)
34%
Alireza Firouzja ECHECS top 150 mondial (FIDE Juin 2024)
33%
Thibault Tricole FLECHETTES top 150 mondial (12.06.2024)
32%
Titouan Droguet TENNIS top 150 mondial (ATP 17.06.2024)
32%
Etienne Bacrot ECHECS top 150 mondial (FIDE Juin 2024)
28%
Victor Perez GOLF top 150 mondial (WGR 17.06.2024)
28%
Jean-Noël Thorel POKER top 150 mondial (GPI 12.06.24)
24%
Jacques Labre FLECHETTES top 150 mondial (12.06.2024)
23%
Romain Langasque GOLF top 150 mondial (WGR 17.06.2024)
22%
Laurent Fressinet ECHECS top 150 mondial (FIDE Juin 2024)
21%
Julien Sitbon POKER top 150 mondial (GPI 12.06.24)
20%
Fabrice Bigot POKER top 150 mondial (GPI 12.06.24)
16%
Hugo Deschamps TENNIS DE TABLE top 150 mondial (ITTF 11.06.2024)
16%
Thibault Poret TENNIS DE TABLE top 150 mondial (ITTF 11.06.2024)
13%
Lilian Bardet TENNIS DE TABLE top 150 mondial (ITTF 11.06.2024)
12%
Can Akkuzu TENNIS DE TABLE top 150 mondial (ITTF 11.06.2024)
12%
Jules Rolland TENNIS DE TABLE top 150 mondial (ITTF 11.06.2024)
11%
Alexandre Cassin TENNIS DE TABLE top 150 mondial (ITTF 11.06.2024)
10%
Aucun quiz correspondant
Distribution des résultats
% des personnes avec chaque résultat
Percentile par nombre de réponses
Votre historique - résultats
Vous n’avez pas pris ce quiz